00590nam a2200157 a 450000100100000000500170001000800410002704000250006808200150009310000350010824500440014326000360018730000210022395201710024499900170041500003343420200930070245.0110829s1920 dr 000 0 spa d aDO-SdBNPbspacBNPHU axxxbB641e1 aBlanco Fombona, Horacio92384210aEstalactitas /cHoracio Blanco Fombona. aSanto Domingo :bLetras,c1920. a100 p. ;c21 cm. 001050728RVaPDbPDcBDd2011-08-29iLF1l0oxxx B641ep33434-10r2020-06-25w2020-06-25y1zPerteneció a la biblioteca personal de Martínez BoogZNo se presta c32925d32925